Estatísticas para 100 melhores jogadores de futebol masculino de 2022

Clique aqui para jogar o quiz

Estatísticas Gerais

  • Esse quiz foi jogado 364 vezes
  • A pontuação média é 46 de 100

Estatísticas das Respostas

#ClubeJogador% Correto
1Paris Saint-GermainLionel Messi
100%
2Paris Saint-GermainKylian Mbappé
99%
8Real MadridVinícius Júnior
96%
4Manchester CityErling Haaland
94%
3Real MadridKarim Benzema
94%
12Paris Saint-GermainNeymar
94%
10LiverpoolMohamed Salah
90%
5Real MadridLuka Modric
89%
51Al NassrCristiano Ronaldo
88%
6Manchester CityKevin De Bruyne
88%
13Tottenham HotspurHarry Kane
86%
7BarcelonaRobert Lewandowski
79%
11Bayern MunichSadio Mané
79%
93Real MadridRodrygo
78%
26Tottenham HotspurSon Heung-min
75%
9Real MadridThibaut Courtois
74%
15Manchester UnitedCasemiro
72%
54Manchester CityEderson
71%
23AC MilanRafael Leão
70%
99FlamengoGabriel Barbosa
69%
19BarcelonaPedri
69%
39Real MadridToni Kroos
69%
14Borussia DortmundJude Bellingham
68%
17Atlético MadridAntoine Griezmann
67%
37BarcelonaGavi
66%
34LiverpoolAlisson
65%
29Manchester CityBernardo Silva
63%
62ArsenalGabriel Jesus
63%
53Manchester CityRodri
63%
91Bayern MunichManuel Neuer
58%
27LiverpoolVirgil van Dijk
57%
28Manchester UnitedBruno Fernandes
56%
70Inter MilanLautaro Martínez
56%
44Manchester CityRúben Dias
56%
38JuventusÁngel Di María
55%
67Real MadridÉder Militão
55%
58Manchester UnitedMarcus Rashford
54%
98Bayern MunichLeroy Sané
53%
41Bayern MunichJoshua Kimmich
52%
16Paris Saint-GermainAchraf Hakimi
51%
22ArsenalBukayo Saka
51%
92FlamengoGiorgian de Arrascaeta
50%
20Aston VillaEmiliano Martínez
49%
24Manchester CityPhil Foden
49%
42Real MadridDavid Alaba
48%
18Real MadridFederico Valverde
47%
65Paris Saint-GermainMarquinhos
47%
30AC MilanOlivier Giroud
45%
55Manchester CityIlkay Gündogan
44%
75ChelseaThiago Silva
44%
60LiverpoolTrent Alexander-Arnold
44%
84Manchester CityKyle Walker
42%
56Real MadridAntonio Rüdiger
40%
52NapoliVictor Osimhen
40%
81Manchester UnitedLisandro Martínez
39%
35ArsenalMartin Ødegaard
38%
82LiverpoolDarwin Núñez
36%
36Manchester CityJoão Cancelo
36%
32Manchester CityJulián Álvarez
35%
40NapoliKhvicha Kvaratskhelia
34%
61TottenhamRicharlison
34%
90NewcastleBruno Guimarães
33%
66JuventusDusan Vlahovic
33%
46AC MilanTheo Hernández
33%
33RB LeipzigCristopher Nkunku
31%
89BarcelonaFrenkie de Jong
31%
45Real MadridAurélien Tchouaméni
29%
21BenficaEnzo Fernández
29%
25Bayern MunichJamal Musiala
29%
69BarcelonaOusmane Dembélé
29%
57Manchester CityRiyad Mahrez
29%
95Bayern MunichSerge Gnabry
29%
97LiverpoolAndrew Robertson
27%
64Bayern MunichAlphonso Davies
26%
47BrightonAlexis Mac Allister
25%
77LiverpoolFabinho
23%
59LiverpoolLuis Díaz
23%
85Manchester UnitedRaphaël Varane
23%
76TottenhamHugo Lloris
22%
74AC MilanMike Maignan
21%
87LazioCiro Immobile
20%
50LiverpoolCody Gakpo
20%
86Bayern MunichDayot Upamecano
20%
31RB LeipzigJosko Gvardiol
19%
88West HamDeclan Rice
18%
100BenficaNicolás Otamendi
17%
78PortoMehdi Taremi
16%
48Atlético MadridRodrigo De Paul
16%
43SevillaYassine ‘Bono’ Bounou
16%
83FulhamAleksandar Mitrovic
15%
73Inter MilanNicoló Barella
15%
96AC MilanSandro Tonali
15%
72TottenhamCristian Romero
12%
71Dinamo ZagrebDominik Livakovic
12%
68Inter MilanMarcelo Brozovic
11%
49FiorentinaSofyan Amrabat
11%
94ChelseaReece James
10%
80ChelseaKalidou Koulibaly
8%
63ChelseaHakim Ziyech
5%
79AngersAzzedine Ounahi
4%

Distribuição das Pontuações

Percentil de Números Respondidos

Porcentagem de Pessoas com Cada Pontuação

Sua Pontuação Histórica

Você não jogou esse quiz